[Event "6th EUR-ch (w)"]
[Site "Chisinau MDA"]
[Date "2005.06.20"]
[Round "9"]
[White "Ptacnikova, Lenka"]
[Black "Minina, Veronika"]
[Result "1/2-1/2"]
[WhiteElo "2277"]
[BlackElo "2059"]
[EventDate "2005.06.10"]
[PlyCount "128"]

1.c4 e5 2.g3 d6 3.Bg2 g6 4.Nc3 Bg7 5.e4 Nc6 6.Nge2 Nge7 7.d3 Be6 8.Nd5 O-O
9.Be3 Qd7 10.Qd2 Nd8 11.d4 Nec6 12.O-O exd4 13.Nxd4 Ne5 14.Rac1 c6 15.Nxe6
fxe6 16.Nb4 a5 17.Nd3 Nxd3 18.Qxd3 Bxb2 19.Rb1 Bg7 20.Rfd1 Nf7 21.Bc5 Rfd8
22.Bb6 Re8 23.f4 Qe7 24.a4 c5 25.Rb5 Bd4+ 26.Kh1 Ra6 27.Rdb1 Rea8 28.Qd2 
e5 29.R1b3 Kg7 30.Bf3 Qe6 31.Qe2 Qe7 32.Qd2 Kg8 33.Kg2 Qe6 34.Qe2 Qc8 35.
Bg4 Qe8 36.f5 Nh6 37.fxg6 Qxg6 38.Bh5 Qg7 39.Rf3 Qg5 40.Bc7 Qe7 41.Bb6 Rf8
42.Rxf8+ Qxf8 43.Qd2 Nf7 44.Rb3 Qg7 45.Bxc5 Ng5 46.Bxd4 exd4 47.Qf4 Rc6 
48.Rb5 Ne6 49.Qf5 Qe7 50.Qd5 Kg7 51.Rxa5 Rb6 52.Rb5 Rxb5 53.cxb5 b6 54.Bg4
Nc5 55.Qxd4+ Kg8 56.Bf5 Qc7 57.Qd5+ Kg7 58.h4 Qd7 59.Qa8 Qf7 60.Kh3 Qc4 
61.Qa7+ Kf6 62.Qxh7 Qf1+ 63.Kg4 Qe2+ 64.Kh3 Qf1+ 1/2-1/2

[Event "6th EUR-ch (w)"]
[Site "Chisinau MDA"]
[Date "2005.06.20"]
[Round "9"]
[White "Baskite, Viktoria"]
[Black "Voicu, Carmen"]
[Result "0-1"]
[WhiteElo "2205"]
[BlackElo "2310"]
[EventDate "2005.06.10"]
[PlyCount "80"]

1.d4 Nf6 2.Nf3 e6 3.e3 b6 4.Bd3 Bb7 5.O-O Be7 6.Nbd2 c5 7.Qe2 Nc6 8.c3 d6 
9.Re1 O-O 10.e4 cxd4 11.cxd4 Nb4 12.Bb1 Rc8 13.e5 dxe5 14.dxe5 Ba6 15.Qe3 
Nbd5 16.Qb3 Nd7 17.Ne4 Qc7 18.Bg5 Bb4 19.Bd2 Bxd2 20.Nexd2 Nc5 21.Qa3 Qd7 
22.Ng5 h6 23.Nge4 Qa4 24.Qg3 Qd4 25.Nf3 Qxb2 26.Nd6 Rc7 27.Be4 Nc3 28.Qh4 
N5xe4 29.Nxe4 Rc4 30.Nf6+ gxf6 31.Qxh6 Rg4 32.Qh5 Rg6 33.exf6 Ne2+ 34.Kh1 
Qxf6 35.Ne5 Rg5 36.Nd7 Qg7 37.Qf3 Rf5 38.Qa3 Rxf2 39.Qxf8+ Qxf8 40.Nxf8 
Kxf8 0-1

[Event "6th EUR-ch (w)"]
[Site "Chisinau MDA"]
[Date "2005.06.20"]
[Round "9"]
[White "Kalinina, Larisa"]
[Black "Tarasova, Viktoria"]
[Result "0-1"]
[WhiteElo "2177"]
[BlackElo "2268"]
[EventDate "2005.06.10"]
[PlyCount "73"]

1.e4 d6 2.d4 Nf6 3.Nc3 g6 4.f4 Bg7 5.Nf3 O-O 6.Bd3 Na6 7.O-O c5 8.d5 Rb8 
9.a4 Nb4 10.Bc4 e6 11.dxe6 Bxe6 12.Bxe6 fxe6 13.Ng5 Qd7 14.f5 exf5 15.exf5
gxf5 16.Bf4 Rbd8 17.Nb5 h6 18.Nf3 a6 19.Nc3 Qe6 20.Re1 Ne4 21.Qc1 d5 22.
Ne2 Rde8 23.Ng3 Qg6 24.Rd1 d4 25.Ra3 Nxg3 26.hxg3 Nd5 27.Rb3 b6 28.c4 Nb4 
29.Nh4 Qc6 30.Ra3 Re2 31.Rd2 Rfe8 32.Rxe2 Rxe2 33.Rf3 Qe4 34.Bd2 Nd3 35.
Qc2 Ne5 36.Qxe4 fxe4 37.Rb3 0-1

[Event "6th EUR-ch (w)"]
[Site "Chisinau MDA"]
[Date "2005.06.20"]
[Round "9"]
[White "Szczepkowska, Karina"]
[Black "Golubenko, Valentina"]
[Result "1-0"]
[WhiteElo "2264"]
[BlackElo "2171"]
[EventDate "2005.06.10"]
[PlyCount "43"]

1.f4 e5 2.e4 exf4 3.Nf3 d6 4.Bc4 g5 5.h4 g4 6.Ng5 Nh6 7.d4 f6 8.Ne6 Qe7 9.
d5 Bxe6 10.dxe6 Nc6 11.Bxf4 O-O-O 12.Nc3 Kb8 13.Qd2 Ng8 14.h5 Re8 15.O-O-O
Nd8 16.Nd5 Qg7 17.h6 Qg6 18.Nxc7 Kxc7 19.Bxd6+ Bxd6 20.Qxd6+ Kc8 21.Bb5 
Qg5+ 22.Kb1 1-0

[Event "6th EUR-ch (w)"]
[Site "Chisinau MDA"]
[Date "2005.06.20"]
[Round "9"]
[White "Ionica, Iulia-Ionela"]
[Black "Kuzevanova, Evgenia"]
[Result "1/2-1/2"]
[WhiteElo "2245"]
[BlackElo "2124"]
[EventDate "2005.06.10"]
[PlyCount "64"]

1.e4 c5 2.Nf3 Nc6 3.d4 cxd4 4.Nxd4 Nf6 5.Nc3 e5 6.Ndb5 d6 7.Bg5 a6 8.Na3 
b5 9.Nd5 Be7 10.Bxf6 Bxf6 11.c3 O-O 12.Nc2 Bg5 13.a4 bxa4 14.Rxa4 a5 15.
Bc4 Rb8 16.Ra2 Kh8 17.h4 Bh6 18.g4 Bf4 19.b3 Be6 20.Nce3 Bxe3 21.Nxe3 Ne7 
22.h5 Bxc4 23.Nxc4 d5 24.exd5 Qxd5 25.Qxd5 Nxd5 26.Rxa5 Nxc3 27.Rh3 Rxb3 
28.Nxe5 Kg8 29.Re3 Rb5 30.Rxb5 Nxb5 31.Rb3 Nd4 32.Rd3 Re8 1/2-1/2

[Event "6th EUR-ch (w)"]
[Site "Chisinau MDA"]
[Date "2005.06.20"]
[Round "9"]
[White "Meshcheriakova, Evgenia"]
[Black "Gheorghe, Corina"]
[Result "1/2-1/2"]
[WhiteElo "2193"]
[BlackElo "2234"]
[EventDate "2005.06.10"]
[PlyCount "59"]

1.e4 c5 2.Nf3 d6 3.Nc3 Nf6 4.Bc4 Nc6 5.d4 cxd4 6.Nxd4 Qb6 7.Nde2 e6 8.a3 
Be7 9.O-O a6 10.Ba2 O-O 11.Kh1 Qc7 12.f4 b5 13.f5 Ne5 14.Nf4 Nc4 15.Qf3 
Qc6 16.Bb3 Bd8 17.Nh5 Nxh5 18.Qxh5 exf5 19.exf5 Bb7 20.Rf3 Re8 21.Bg5 Bxg5
22.Qxg5 f6 23.Qg4 Kh8 24.Rh3 Re5 25.Rg1 Rae8 26.Qg6 h6 27.Rxh6+ gxh6 28.
Qxh6+ Kg8 29.Qg6+ Kh8 30.Qh6+ 1/2-1/2

[Event "6th EUR-ch (w)"]
[Site "Chisinau MDA"]
[Date "2005.06.20"]
[Round "9"]
[White "Babei, Angelica"]
[Black "Lematschko, Tatjana"]
[Result "1/2-1/2"]
[WhiteElo "1843"]
[BlackElo "2231"]
[EventDate "2005.06.10"]
[PlyCount "138"]

1.e4 c5 2.Nc3 Nc6 3.g3 g6 4.Bg2 Bg7 5.d3 b6 6.f4 Bb7 7.Nf3 e6 8.O-O Nge7 
9.Ne2 d5 10.e5 Qd7 11.c3 O-O 12.d4 cxd4 13.Nexd4 Rfc8 14.Be3 Nxd4 15.Nxd4 
Nc6 16.Nxc6 Qxc6 17.Rc1 Qc7 18.Bd4 Bf8 19.g4 Bc5 20.Qd2 Ba6 21.Rfe1 Bxd4+ 
22.cxd4 Qe7 23.Rxc8+ Rxc8 24.Rc1 Rxc1+ 25.Qxc1 Qb4 26.Qc3 Qxc3 27.bxc3 Bc4
28.a3 Be2 29.h3 h5 30.Bf1 Bd1 31.g5 Ba4 32.c4 dxc4 33.Bxc4 Bc6 34.h4 b5 
35.Ba2 Kf8 36.Kf2 Ke7 37.Ke3 Bd5 38.Bb1 Kd7 39.Bd3 Kc6 40.Kd2 a6 41.Kc3 
Bf3 42.a4 bxa4 43.Bxa6 a3 44.Kb3 Bd1+ 45.Kxa3 Kd5 46.Bb5 Kxd4 47.Be8 Bg4 
48.Kb3 Ke4 49.Kc3 Bf5 50.Bxf7 Ke3 51.Be8 Kxf4 52.Kd4 Kf3 53.Bc6+ Kg3 54.
Ke3 Kxh4 55.Kf4 Kh3 56.Kf3 Bc2 57.Bd7 Bd1+ 58.Kf4 Bg4 59.Be8 Bf5 60.Kf3 
Kh2 61.Kf2 h4 62.Bc6 Kh3 63.Bf3 Bg4 64.Bg2+ Kh2 65.Bc6 Bf5 66.Bg2 Bc2 67.
Bf1 Be4 68.Bc4 Bf5 69.Bf1 Be4 1/2-1/2

[Event "6th EUR-ch (w)"]
[Site "Chisinau MDA"]
[Date "2005.06.20"]
[Round "9"]
[White "Cherednichenko, Svetlana"]
[Black "Andronic, Iulia"]
[Result "1-0"]
[WhiteElo "2230"]
[BlackElo "2085"]
[EventDate "2005.06.10"]
[PlyCount "57"]

1.d4 d5 2.c4 c6 3.Nc3 Nf6 4.e3 a6 5.Bd3 dxc4 6.Bxc4 e6 7.Nf3 Nbd7 8.O-O b5
9.Bd3 Be7 10.b3 c5 11.Bb2 Bb7 12.Rc1 O-O 13.Bb1 Rc8 14.Ne2 Qb6 15.dxc5 
Bxc5 16.Ng3 Rfd8 17.Qe2 Qd6 18.Rfd1 Qe7 19.Ng5 h6 20.N5e4 Ba3 21.Rxc8 Bxc8
22.Nxf6+ gxf6 23.Qd3 Kf8 24.Qh7 Ke8 25.Nh5 Qb4 26.Qh8+ Nf8 27.Ng7+ Ke7 28.
Bxf6+ Kxf6 29.Nf5+ 1-0

[Event "6th EUR-ch (w)"]
[Site "Chisinau MDA"]
[Date "2005.06.20"]
[Round "9"]
[White "Foisor, Sabina-Francesca"]
[Black "Grishina, Alexandra"]
[Result "1-0"]
[WhiteElo "2210"]
[BlackElo "2065"]
[EventDate "2005.06.10"]
[PlyCount "47"]

1.d4 d5 2.c4 c6 3.e3 Nf6 4.Nc3 a6 5.Nf3 b5 6.c5 Bg4 7.Qb3 Nbd7 8.a4 Bxf3 
9.gxf3 e5 10.Qa3 exd4 11.exd4 Rc8 12.axb5 axb5 13.Qa5 Qe7+ 14.Ne2 Qd8 15.
Qxd8+ Kxd8 16.Bh3 g6 17.Bg5 Be7 18.O-O Nh5 19.Bxd7 Kxd7 20.Ra7+ Rc7 21.
Rxc7+ Kxc7 22.Bxe7 Kb7 23.Bg5 f6 24.Bd2 1-0

[Event "6th EUR-ch (w)"]
[Site "Chisinau MDA"]
[Date "2005.06.20"]
[Round "9"]
[White "Seps, Monika"]
[Black "Hamelink, Desiree"]
[Result "1-0"]
[WhiteElo "2116"]
[BlackElo "2244"]
[EventDate "2005.06.10"]
[PlyCount "75"]

1.e4 c5 2.Nf3 d6 3.d4 cxd4 4.Nxd4 Nf6 5.Nc3 a6 6.Bc4 e6 7.Bb3 b5 8.Bg5 Be7
9.Qf3 Qc7 10.e5 Bb7 11.exd6 Bxd6 12.Qe3 b4 13.Bxf6 gxf6 14.Nd5 Bxd5 15.
Bxd5 Ra7 16.Bxe6 fxe6 17.Nxe6 Qe7 18.O-O-O Rd7 19.Qb3 Be5 20.f4 Rxd1+ 21.
Rxd1 Bd6 22.Qd5 Bxf4+ 23.Nxf4 Nd7 24.Ne6 Rg8 25.Nc7+ Kd8 26.Qxg8+ Kxc7 27.
Qc4+ Kb7 28.Qd5+ Kc7 29.Qxd7+ Qxd7 30.Rxd7+ Kxd7 31.Kd2 Kc6 32.Kd3 Kd5 33.
c4+ Ke5 34.a3 a5 35.axb4 axb4 36.b3 f5 37.g3 h5 38.h4 1-0

[Event "6th EUR-ch (w)"]
[Site "Chisinau MDA"]
[Date "2005.06.20"]
[Round "9"]
[White "Vetrila, Sanda"]
[Black "Butuc, Maria"]
[Result "1/2-1/2"]
[WhiteElo "1911"]
[BlackElo "2147"]
[EventDate "2005.06.10"]
[PlyCount "51"]

1.e4 c5 2.Nf3 e6 3.c4 Nc6 4.Nc3 Nge7 5.d4 cxd4 6.Nxd4 Nxd4 7.Qxd4 Nc6 8.
Qd2 Bc5 9.Be2 O-O 10.O-O d6 11.b3 e5 12.Bb2 Be6 13.Kh1 Nd4 14.f4 f5 15.Bd3
Qd7 16.Rae1 Rac8 17.Ne2 Nc6 18.a3 a5 19.Ng3 fxe4 20.Nxe4 exf4 21.Rxf4 Rxf4
22.Qxf4 Rf8 23.Qg3 Bd4 24.Bxd4 Nxd4 25.Ng5 Bf5 26.Nxh7 1/2-1/2

[Event "6th EUR-ch (w)"]
[Site "Chisinau MDA"]
[Date "2005.06.20"]
[Round "9"]
[White "Vartic, Irina"]
[Black "Vasilieva, Maria"]
[Result "1/2-1/2"]
[WhiteElo "1948"]
[BlackElo "2124"]
[EventDate "2005.06.10"]
[PlyCount "96"]

1.e4 c6 2.d4 d5 3.exd5 Qxd5 4.Nc3 Qa5 5.Nf3 Nf6 6.Bd3 Bg4 7.h3 Bh5 8.Bd2 
Qc7 9.Qe2 Nbd7 10.O-O-O O-O-O 11.g4 Bg6 12.g5 Nd5 13.Nxd5 cxd5 14.Bxg6 
hxg6 15.Kb1 e6 16.Rc1 Kb8 17.c4 dxc4 18.Rxc4 Qb6 19.Rhc1 Bd6 20.Ne5 Bxe5 
21.dxe5 Qa6 22.Be3 Nb6 23.Bxb6 axb6 24.R1c3 Rh4 25.Qc2 Rxc4 26.Rxc4 Qa5 
27.Qc3 Qd5 28.a3 Qd1+ 29.Ka2 Qd5 30.Kb1 Qh1+ 31.Ka2 Rd1 32.Rc8+ Ka7 33.Qb4
Ra1+ 34.Kb3 Qd1+ 35.Rc2 Qd3+ 36.Rc3 Qd5+ 37.Rc4 Qxe5 38.Qa4+ Qa5 39.Qxa5+ 
bxa5 40.Rf4 Rh1 41.h4 f5 42.gxf6 gxf6 43.Rxf6 Rxh4 44.Rxe6 g5 45.Re5 a4+ 
46.Kc3 Rh3+ 47.Kb4 Rb3+ 48.Kxa4 Rxb2 1/2-1/2

[Event "6th EUR-ch (w)"]
[Site "Chisinau MDA"]
[Date "2005.06.20"]
[Round "9"]
[White "Iurascu, Mihaela"]
[Black "Lupik, Marina"]
[Result "0-1"]
[WhiteElo "1906"]
[BlackElo "2123"]
[EventDate "2005.06.10"]
[PlyCount "122"]

1.c4 Nf6 2.Nc3 c6 3.e3 e6 4.Qc2 d5 5.Nf3 c5 6.b3 Nc6 7.a3 b6 8.Be2 Bb7 9.
O-O Bd6 10.d3 O-O 11.Bb2 Rc8 12.Rfd1 Qe7 13.Rac1 Rfd8 14.Bf1 Bb8 15.Qb1 e5
16.cxd5 Nxd5 17.Nxd5 Rxd5 18.h3 Rcd8 19.Ne1 e4 20.dxe4 Qd6 21.e5 Nxe5 22.
Rxd5 Qxd5 23.Qc2 Qd6 24.Qc3 f6 25.g3 Nf3+ 26.Nxf3 Bxf3 27.Bg2 Bxg2 28.Kxg2
Qd5+ 29.Kg1 Kh8 30.Qc4 Qd2 31.Qc2 Qd7 32.Kg2 Qd5+ 33.Kh2 Qf3 34.Re1 h5 35.
Qe2 Qd5 36.h4 Qxb3 37.Qxh5+ Kg8 38.Qe2 Qd3 39.Qg4 Qd7 40.Qxd7 Rxd7 41.Kg2 
Kf7 42.Kf3 Rd3 43.Ke2 Rb3 44.Bc1 Be5 45.Rd1 Ke6 46.Rd3 c4 47.Rd8 Bb2 48.
Bxb2 Rxb2+ 49.Ke1 Rb3 50.a4 Ra3 51.Rg8 Kf7 52.Rc8 Rxa4 53.Rc7+ Kg6 54.Kd2 
b5 55.h5+ Kxh5 56.Rxg7 b4 57.g4+ Kh6 58.Rc7 Ra2+ 59.Ke1 b3 60.Rb7 c3 61.
Rxb3 Ra1+ 0-1

[Event "6th EUR-ch (w)"]
[Site "Chisinau MDA"]
[Date "2005.06.20"]
[Round "9"]
[White "Coimbra, Margarida"]
[Black "Cicariova, Elena"]
[Result "0-1"]
[WhiteElo "2098"]
[BlackElo "2081"]
[EventDate "2005.06.10"]
[PlyCount "88"]

1.e4 c5 2.Nc3 Nc6 3.g3 g6 4.Bg2 Bg7 5.d3 d6 6.Nh3 Rb8 7.O-O e6 8.Be3 b5 9.
Qd2 b4 10.Nd1 Nf6 11.Bh6 O-O 12.Bxg7 Kxg7 13.f4 Qc7 14.Ne3 a5 15.f5 exf5 
16.Nxf5+ Bxf5 17.exf5 Nd4 18.fxg6 hxg6 19.Nf4 Rh8 20.Nd5 Nxd5 21.Bxd5 Rbf8
22.c3 Nc6 23.Qg5 f6 24.Qd2 Ne7 25.Bf3 Nf5 26.Rae1 Re8 27.Rxe8 Rxe8 28.Re1 
Qd8 29.Re2 Re5 30.Qe1 Qe7 31.Rxe5 dxe5 32.Qe4 a4 33.a3 bxa3 34.bxa3 c4 35.
Qxc4 Qxa3 36.Qe4 Qc1+ 37.Kf2 Qb2+ 38.Be2 Qb6+ 39.Ke1 a3 40.Qa4 Qb1+ 41.Bd1
a2 42.Qa7+ Kh6 43.Qa8 Kh7 44.Qa7+ Ng7 0-1

[Event "6th EUR-ch (w)"]
[Site "Chisinau MDA"]
[Date "2005.06.20"]
[Round "9"]
[White "Doibani, Lilia"]
[Black "Harbuz, Daniela"]
[Result "1-0"]
[WhiteElo "2185"]
[BlackElo "2040"]
[EventDate "2005.06.10"]
[PlyCount "87"]

1.e4 g6 2.d4 Bg7 3.Nc3 c6 4.f4 d5 5.e5 h5 6.Nf3 Bg4 7.h3 Bxf3 8.Qxf3 e6 9.
Be3 h4 10.Bd3 Nh6 11.Bf2 Bf8 12.O-O Nd7 13.Rfe1 a6 14.a4 Bb4 15.Red1 Bxc3 
16.bxc3 b5 17.Qe2 Nb6 18.axb5 cxb5 19.Rxa6 Nc4 20.Bxh4 Qc8 21.Rxa8 Qxa8 
22.Bg5 Nf5 23.Bf6 Rh7 24.Bxf5 gxf5 25.Rb1 Qa5 26.Qd3 Rh6 27.Qg3 Rg6 28.Qh4
Kd7 29.Qh8 Rxf6 30.Qxf6 Ke8 31.Qh8+ Ke7 32.Qc8 f6 33.Qc5+ Kf7 34.Qb4 Qd8 
35.Qxb5 fxe5 36.dxe5 Kg6 37.Qb8 Qxb8 38.Rxb8 Ne3 39.Rb7 Nd1 40.Re7 Nxc3 
41.Rxe6+ Kg7 42.g3 Ne2+ 43.Kf2 Nd4 44.Rd6 1-0

[Event "6th EUR-ch (w)"]
[Site "Chisinau MDA"]
[Date "2005.06.20"]
[Round "9"]
[White "Apanaviciute, Kristina"]
[Black "Ankerst, Milka"]
[Result "0-1"]
[WhiteElo "2028"]
[BlackElo "2124"]
[EventDate "2005.06.10"]
[PlyCount "146"]

1.e4 c5 2.Nc3 Nc6 3.g3 g6 4.Bg2 Bg7 5.d3 d6 6.Be3 Rb8 7.Qd2 b5 8.f4 Nd4 9.
Nf3 b4 10.Nd1 e6 11.O-O Ne7 12.Bf2 O-O 13.Ne3 Nxf3+ 14.Bxf3 Bxb2 15.Rab1 
Bc3 16.Qe2 Nc6 17.Bg2 Bg7 18.g4 Bd7 19.Nc4 Nd4 20.Qd1 Ba4 21.Bxd4 Bxd4+ 
22.Kh1 Bc6 23.Qe2 Re8 24.Nd2 Qd7 25.Nb3 Bg7 26.Qf2 f5 27.Qg3 Qc7 28.Rbe1 
a5 29.h3 Bb7 30.Bf3 fxe4 31.dxe4 c4 32.Nd2 e5 33.f5 c3 34.Nb1 Rf8 35.Bg2 
gxf5 36.gxf5 Kh8 37.Rg1 Bf6 38.Bf3 Qe7 39.Rd1 Bh4 40.Qg4 Rg8 41.Qh5 Rg5 
42.Rxg5 Bxg5 43.Bg2 Rf8 44.Rd3 Bf4 45.Qd1 Rd8 46.Nxc3 bxc3 47.Rxc3 Rg8 48.
Qe2 Qg5 49.Rb3 Ba6 50.Qf2 Bg3 51.Qg1 Qd2 52.f6 Bf2 53.Qb1 Ba7 54.Bf3 Qf2 
55.Bg4 Be2 56.f7 Rf8 57.Bxe2 Qxe2 58.Rb7 Qxe4+ 59.Kh2 Qf4+ 60.Kh1 Qf3+ 61.
Kh2 Rxf7 62.Rxf7 Qxf7 63.a4 Qf2+ 64.Kh1 Qg1+ 65.Qxg1 Bxg1 66.Kxg1 Kg7 67.
Kf2 d5 68.Kf3 Kf6 69.c3 Kf5 70.Ke3 h6 71.Kf3 e4+ 72.Ke3 Ke5 73.h4 h5 0-1

[Event "6th EUR-ch (w)"]
[Site "Chisinau MDA"]
[Date "2005.06.20"]
[Round "9"]
[White "Talmazan, Olga"]
[Black "Kucherenko, Olena"]
[Result "0-1"]
[WhiteElo "2013"]
[BlackElo "2079"]
[EventDate "2005.06.10"]
[PlyCount "114"]

1.e4 c5 2.Nf3 d6 3.d4 cxd4 4.Nxd4 Nf6 5.Bd3 g6 6.c4 Bg7 7.Nc3 O-O 8.O-O 
Nc6 9.Nc2 Ne5 10.Be2 b6 11.f4 Ned7 12.Bf3 Bb7 13.Ne3 Rc8 14.Qe2 Nc5 15.
Ned5 Nfd7 16.Be3 e6 17.Nb4 Bxc3 18.bxc3 Nxe4 19.Bd4 f5 20.Nd3 Qc7 21.Nf2 
e5 22.fxe5 dxe5 23.Bxe4 fxe4 24.Be3 Qxc4 25.Qxc4+ Rxc4 26.Bh6 Rfc8 27.Ng4 
Rxc3 28.Bd2 Rd3 29.Nh6+ Kh8 30.Nf7+ Kg8 31.Nh6+ Kh8 32.Nf7+ Kg7 33.Bh6+ 
Kg8 34.Rad1 Bd5 35.Nd6 Rc2 36.Rc1 Rdc3 37.Rcd1 Rd3 38.Rc1 Rc5 39.Nc8 Bxa2 
40.Ne7+ Kh8 41.Rxc5 bxc5 42.Ra1 e3 43.Bxe3 Rxe3 44.Rxa2 c4 45.Kf2 Rd3 46.
Rxa7 Kg7 47.Rc7 c3 48.Nc6 Kf6 49.Nb4 Rd4 50.Na6 Ra4 51.Nc5 Nxc5 52.Rxc5 
Ra2+ 53.Kf3 c2 54.Rc3 Kf5 55.h3 e4+ 56.Ke3 Ke5 57.g4 Ra3 0-1

[Event "6th EUR-ch (w)"]
[Site "Chisinau MDA"]
[Date "2005.06.20"]
[Round "9"]
[White "Cherednichenko, Elena"]
[Black "Bulmaga, Irina"]
[Result "1/2-1/2"]
[WhiteElo "1969"]
[BlackElo "2046"]
[EventDate "2005.06.10"]
[PlyCount "51"]

1.d4 d5 2.c4 c6 3.cxd5 cxd5 4.Nc3 Nf6 5.Nf3 Nc6 6.Bf4 a6 7.e3 Bg4 8.h3 
Bxf3 9.Qxf3 e6 10.a3 Be7 11.Bd3 O-O 12.O-O Rc8 13.Rac1 Na5 14.Na4 b5 15.
Nc3 Nc4 16.Qe2 Qb6 17.Rfd1 Rfd8 18.Na2 Qb7 19.Rc2 Rc6 20.f3 Rdc8 21.Qf2 
Na5 22.Rxc6 Qxc6 23.Rc1 Qb7 24.Bg5 Rxc1+ 25.Nxc1 Qc7 26.Na2 1/2-1/2

[Event "6th EUR-ch (w)"]
[Site "Chisinau MDA"]
[Date "2005.06.21"]
[Round "10"]
[White "Zayats, Elena"]
[Black "Kosintseva, Nadezhda"]
[Result "1/2-1/2"]
[WhiteElo "2398"]
[BlackElo "2459"]
[EventDate "2005.06.10"]
[PlyCount "65"]

1.d4 Nf6 2.c4 e6 3.Nc3 Bb4 4.e3 O-O 5.Ne2 d5 6.a3 Be7 7.cxd5 exd5 8.b4 c6 
9.Ng3 Re8 10.Bd3 Nbd7 11.O-O Nb6 12.Rb1 Bd6 13.a4 Bxg3 14.hxg3 Ne4 15.Bxe4
dxe4 16.f3 Nd5 17.Nxe4 Bf5 18.Qb3 Bxe4 19.fxe4 Rxe4 20.b5 cxb5 21.Qd3 Qe7 
22.Qxb5 Nxe3 23.Bxe3 Rxe3 24.Qxb7 Qxb7 25.Rxb7 f6 26.g4 h6 27.g5 hxg5 28.
Rc1 g4 29.Rcc7 g3 30.Rxg7+ Kh8 31.Rh7+ Kg8 32.Rhg7+ Kh8 33.Rh7+ 1/2-1/2

[Event "6th EUR-ch (w)"]
[Site "Chisinau MDA"]
[Date "2005.06.21"]
[Round "10"]
[White "Lahno, Kateryna"]
[Black "Zdebskaya, Natalia"]
[Result "1-0"]
[WhiteElo "2467"]
[BlackElo "2344"]
[EventDate "2005.06.10"]
[PlyCount "101"]

1.e4 c6 2.d4 d5 3.e5 Bf5 4.Nf3 e6 5.Be2 Ne7 6.O-O Nd7 7.Nh4 c5 8.dxc5 Bg6 
9.Nxg6 hxg6 10.c4 dxc4 11.Na3 Nf5 12.Nxc4 Bxc5 13.g3 O-O 14.Bf4 g5 15.Bd2 
b5 16.Nd6 Nxd6 17.exd6 Rb8 18.Qc1 Bxd6 19.Bxg5 Qb6 20.Rd1 Rb7 21.Be3 Qa6 
22.a4 Rc7 23.Qd2 Bc5 24.Bxb5 Bxe3 25.Qxe3 Qb7 26.Rac1 Nf6 27.Rxc7 Qxc7 28.
Rc1 Qb7 29.Qd4 a6 30.Bd3 Rb8 31.b4 Qd5 32.Qb6 Qa8 33.Qxa6 Qxa6 34.Bxa6 
Rxb4 35.Ra1 Nd5 36.a5 Nc7 37.Bf1 Rb7 38.a6 Ra7 39.f4 Kf8 40.Kf2 Ke7 41.Ke3
Kd6 42.Kd4 Kc6 43.Bg2+ Kb6 44.Bb7 f6 45.Rb1+ Ka5 46.Kc5 Nxa6+ 47.Bxa6 Rc7+
48.Kd6 Rc2 49.Ra1+ Kb6 50.Kxe6 Rxh2 51.Kf7 1-0

[Event "6th EUR-ch (w)"]
[Site "Chisinau MDA"]
[Date "2005.06.21"]
[Round "10"]
[White "Mkrtchian, Lilit"]
[Black "Cmilyte, Viktorija"]
[Result "1/2-1/2"]
[WhiteElo "2400"]
[BlackElo "2459"]
[EventDate "2005.06.10"]
[PlyCount "46"]

1.c4 f5 2.Nc3 Nf6 3.g3 g6 4.Bg2 Bg7 5.Nf3 d6 6.O-O O-O 7.d3 Nc6 8.Rb1 e5 
9.b4 a6 10.Bg5 h6 11.Bxf6 Qxf6 12.Nd5 Qf7 13.a4 Kh8 14.b5 axb5 15.axb5 Nd8
16.b6 c6 17.Nc7 Ra2 18.e3 f4 19.Qb3 Re2 20.Qd1 Ra2 21.Qb3 Re2 22.Qd1 Ra2 
23.Qb3 Re2 1/2-1/2

[Event "6th EUR-ch (w)"]
[Site "Chisinau MDA"]
[Date "2005.06.21"]
[Round "10"]
[White "Arakhamia-Grant, Ketevan"]
[Black "Purtseladze, Maka"]
[Result "1/2-1/2"]
[WhiteElo "2452"]
[BlackElo "2311"]
[EventDate "2005.06.10"]
[PlyCount "108"]

1.e4 c6 2.d4 d5 3.Nc3 dxe4 4.Nxe4 Bf5 5.Ng3 Bg6 6.h4 h6 7.Nf3 Nd7 8.h5 Bh7
9.Bd3 Bxd3 10.Qxd3 e6 11.Bf4 Qa5+ 12.Bd2 Bb4 13.c3 Be7 14.c4 Qa6 15.O-O 
Ngf6 16.Rfe1 O-O 17.a4 c5 18.Qc3 Bd6 19.dxc5 Bxg3 20.fxg3 Qc6 21.b4 a5 22.
Qa3 Nxh5 23.Nd4 Qc7 24.Qf3 Nhf6 25.c6 e5 26.cxd7 exd4 27.Bxh6 axb4 28.Bg5 
Nxd7 29.Qg4 Rfe8 30.Bh6 g6 31.Qxd4 Qc5 32.Be3 Qxd4 33.Bxd4 Rxe1+ 34.Rxe1 
Kf8 35.Ra1 b6 36.Kf1 Rc8 37.Rc1 Ra8 38.Ra1 Rc8 39.Rc1 Ra8 40.Ra1 Ke7 41.
Ke2 Kd6 42.g4 Nc5 43.Rf1 Rxa4 44.Rxf7 b3 45.Rf6+ Kc7 46.Be5+ Kb7 47.Rxg6 
b2 48.Rg7+ Ka6 49.Bxb2 Ra2 50.g5 Rxb2+ 51.Kf3 Nd3 52.Re7 Rf2+ 53.Ke3 Rxg2 
54.Kxd3 Rxg5 1/2-1/2

[Event "6th EUR-ch (w)"]
[Site "Chisinau MDA"]
[Date "2005.06.21"]
[Round "10"]
[White "Peng Zhaoqin"]
[Black "Javakhishvili, Lela"]
[Result "1-0"]
[WhiteElo "2392"]
[BlackElo "2430"]
[EventDate "2005.06.10"]
[PlyCount "59"]

1.d4 Nf6 2.c4 e6 3.Nc3 Bb4 4.Qc2 d5 5.cxd5 Qxd5 6.Nf3 Qf5 7.Qxf5 exf5 8.a3
Bd6 9.Bg5 Ne4 10.Nxe4 fxe4 11.Nd2 h6 12.Bh4 f5 13.e3 g5 14.Bg3 f4 15.exf4 
gxf4 16.Bh4 Bf5 17.O-O-O Kd7 18.Re1 Re8 19.Bb5+ c6 20.Ba4 e3 21.fxe3 fxe3 
22.Nc4 e2 23.Nxd6 Kxd6 24.Bg3+ Kd5 25.Bb3+ Kxd4 26.Bf2+ Kd3 27.Bc2+ Kc4 
28.Bxf5 Na6 29.Bg4 Kd3 30.h4 1-0

[Event "6th EUR-ch (w)"]
[Site "Chisinau MDA"]
[Date "2005.06.21"]
[Round "10"]
[White "Grabuzova, Tatiana"]
[Black "Matveeva, Svetlana"]
[Result "1/2-1/2"]
[WhiteElo "2327"]
[BlackElo "2423"]
[EventDate "2005.06.10"]
[PlyCount "29"]

1.d4 d5 2.c4 dxc4 3.Nf3 e6 4.e3 a6 5.Bxc4 c5 6.O-O Nf6 7.dxc5 Qxd1 8.Rxd1 
Bxc5 9.Nbd2 O-O 10.Be2 Rd8 11.b3 b6 12.Bb2 Bb7 13.Nc4 Nc6 14.Nfe5 Nxe5 15.
Nxe5 1/2-1/2

[Event "6th EUR-ch (w)"]
[Site "Chisinau MDA"]
[Date "2005.06.21"]
[Round "10"]
[White "Slavina, Irina"]
[Black "Gaponenko, Inna"]
[Result "1/2-1/2"]
[WhiteElo "2415"]
[BlackElo "2482"]
[EventDate "2005.06.10"]
[PlyCount "59"]

1.d4 Nf6 2.c4 e6 3.Nf3 d5 4.cxd5 exd5 5.Bg5 c6 6.Qc2 Na6 7.a3 Nc7 8.e3 Ne6
9.Bh4 Be7 10.Nc3 g6 11.Bd3 Ng7 12.O-O O-O 13.b4 Bf5 14.b5 Rc8 15.Bxf5 Nxf5
16.Bxf6 Bxf6 17.bxc6 Rxc6 18.Qb3 Ne7 19.Rfc1 Qa5 20.Ne2 Rxc1+ 21.Rxc1 Rc8 
22.Rxc8+ Nxc8 23.Qxb7 Nb6 24.g4 Qxa3 25.g5 Bd8 26.Ne5 Qe7 27.Qxe7 Bxe7 28.
Nc6 Bxg5 29.Nxa7 f5 30.Nb5 1/2-1/2

[Event "6th EUR-ch (w)"]
[Site "Chisinau MDA"]
[Date "2005.06.21"]
[Round "10"]
[White "Dembo, Yelena"]
[Black "Skripchenko, Almira"]
[Result "1-0"]
[WhiteElo "2402"]
[BlackElo "2453"]
[EventDate "2005.06.10"]
[PlyCount "77"]

1.e4 c5 2.Nf3 e6 3.d4 cxd4 4.Nxd4 Nc6 5.Nc3 Qc7 6.Be3 a6 7.Bd3 Nf6 8.O-O 
b5 9.Nxc6 Qxc6 10.a3 Bb7 11.Qe2 h5 12.f3 Bc5 13.Qf2 d6 14.Ne2 Bxe3 15.Qxe3
Qc5 16.Nd4 Nd7 17.Kh1 h4 18.b4 Qb6 19.h3 g6 20.Rfe1 e5 21.Nb3 Qxe3 22.Rxe3
Nb6 23.Na5 O-O-O 24.a4 Nxa4 25.c4 d5 26.exd5 Nb6 27.cxb5 Nxd5 28.Rxe5 Nxb4
29.Be4 Bxe4 30.Rxe4 Nd3 31.Rc4+ Kd7 32.bxa6 Ne5 33.Re4 Nd3 34.Kg1 Nc5 35.
Rd4+ Kc7 36.Rc4 Kb6 37.Rb4+ Kc7 38.Rc1 Rd5 39.Nb7 1-0

[Event "6th EUR-ch (w)"]
[Site "Chisinau MDA"]
[Date "2005.06.21"]
[Round "10"]
[White "Vasylevich, Tatiana"]
[Black "Peptan, Corina-Isabela"]
[Result "1-0"]
[WhiteElo "2395"]
[BlackElo "2435"]
[EventDate "2005.06.10"]
[PlyCount "133"]

1.d4 Nf6 2.g3 e6 3.Bg2 c5 4.Nf3 Nc6 5.O-O cxd4 6.Nxd4 Qb6 7.Nb3 Be7 8.c4 
O-O 9.Nc3 d6 10.Be3 Qc7 11.Rc1 Qb8 12.Bf4 Rd8 13.e4 b6 14.Qe2 Bb7 15.Rfd1 
Ne5 16.h3 a6 17.Be3 Qc7 18.f4 Ned7 19.g4 Rac8 20.g5 Ne8 21.Nd2 Qb8 22.Nf1 
Rc7 23.b3 Rdc8 24.a4 Nc5 25.Rb1 Qa8 26.Ng3 g6 27.h4 Bf8 28.h5 Bg7 29.Bd4 
Bxd4+ 30.Rxd4 e5 31.fxe5 dxe5 32.Rd5 Re7 33.Qg4 Qb8 34.Rd2 Rd8 35.Nd5 Bxd5
36.exd5 a5 37.Rf2 Nd6 38.Be4 Rde8 39.Qh4 Nd7 40.Rbf1 Nf8 41.Rh2 Qc7 42.Rf6
Rd8 43.hxg6 fxg6 44.Bxg6 Rg7 45.Be4 Nf7 46.g6 hxg6 47.Bxg6 Qc5+ 48.Kh1 
Nxg6 49.Rxg6 Rxg6 50.Qh7+ Kf8 51.Qxg6 Qe3 52.Qf6 Qe1+ 53.Nf1 Qe4+ 54.Rg2 
Qh7+ 55.Rh2 Qe4+ 56.Kg1 Qg4+ 57.Rg2 Qd4+ 58.Rf2 Qg4+ 59.Kh1 Qe4+ 60.Rf3 
Rd7 61.Ng3 Qh7+ 62.Kg2 Kg8 63.Nf5 Kf8 64.Rh3 Qg8+ 65.Rg3 Qh8 66.Rg7 Qh5 
67.Rg8+ 1-0

[Event "6th EUR-ch (w)"]
[Site "Chisinau MDA"]
[Date "2005.06.21"]
[Round "10"]
[White "Kachiani-Gersinska, Ketino"]
[Black "Collas, Silvia"]
[Result "0-1"]
[WhiteElo "2418"]
[BlackElo "2381"]
[EventDate "2005.06.10"]
[PlyCount "98"]

1.d4 Nf6 2.c4 e6 3.g3 d5 4.Nf3 Bb4+ 5.Bd2 Be7 6.Bg2 O-O 7.O-O c6 8.Qc2 b6 
9.Bf4 Ba6 10.Nbd2 Nbd7 11.Ne5 Nxe5 12.Bxe5 Ng4 13.Bf4 g5 14.Be5 f6 15.Bh3 
Nh6 16.cxd5 fxe5 17.Qxc6 Kg7 18.Bxe6 exd4 19.Rae1 Bf6 20.d6 Nf7 21.d7 Rb8 
22.Qa4 Bb7 23.Nb3 b5 24.Qxa7 d3 25.e4 Ne5 26.Re3 Kh8 27.Bf5 Bc6 28.Nd4 
Bxd7 29.Ne6 Ra8 30.Qb7 Qb8 31.Qd5 Bxe6 32.Qxe6 Qa7 33.a3 Rad8 34.Qb3 Qc5 
35.Qd1 Rf7 36.Qh5 Rc7 37.Kg2 Nc4 38.Ree1 d2 39.Rb1 Nxb2 40.Qh6 Qf8 41.
Qxf8+ Rxf8 42.Bg4 Bd4 43.Be2 Rc5 44.f4 gxf4 45.gxf4 Rfc8 46.e5 Rc1 47.Rxb2
Bxb2 48.Bd1 Rg8+ 49.Kf3 Bxe5 0-1